MARC

LEADER 00000nam0a2200000 4500
001 317702
005 20231102003012.0
035 |a (RuTPU)RU\TPU\book\343170 
090 |a 317702 
100 |a 20160412d1974 km y0rusy50 ca 
101 0 |a rus 
102 |a RU 
105 |a a z 000zy 
200 1 |a Кинокалендарь  |f сост. М. З. Долинский 
210 |a Москва  |c Искусство  |d 1974 
215 |a 192 с.  |c ил. 
606 1 |a Кино  |2 stltpush  |3 (RuTPU)RU\TPU\subj\14361  |9 40764 
610 1 |a игровое кино 
610 1 |a киноактеры 
610 1 |a кинобизнес 
610 1 |a киноискусство 
610 1 |a теория 
610 1 |a история 
610 1 |a 20 век 
675 |a 791.43  |v 4 
702 1 |a Долинский  |b М. З.  |4 220 
801 1 |a RU  |b 63413507  |c 20160412 
801 2 |a RU  |b 63413507  |c 20171030  |g RCR 
942 |c BK